Health and social relationships : (Record no. 7804)
[ view plain ]
| 000 -LEADER | |
|---|---|
| fixed length control field | 00633cam a2200205 a 4500 |
| 020 ## - ISBN | |
| International Standard Book Number | 9781433812224 |
| 020 ## - ISBN | |
| International Standard Book Number | 1433812223 |
| 050 00 - LIBRARY OF CONGRESS CALL NUMBER | |
| Classification Number | RA 418 |
| Item Number | .H43 |
| 245 00 - TITLE | |
| Title | Health and social relationships : |
| Remainder of title | the good, the bad, and the complicated / |
| Statement of responsibility, etc | edited by Matthew L. Newman and Nicole A. Roberts. |
| 250 ## - EDITIONSTATEMENT | |
| Edition statement | 1st |
| 260 ## - PUBLICATION, DISTRIBUTION, ETC.(IMPRINT) | |
| Place of publication, distribution, etc | Washington, DC : |
| Name of publisher, distributor, etc | American Psychological Association, |
| Date of publication, distribution, etc | c2013. |
| 300 ## - PHYSICAL DESCRIPTION | |
| Extent | , 262 p. : |
| 650 #0 - SUBJECT--TOPIC | |
| General subdivision | Health aspects. |
| 650 #0 - SUBJECT--TOPIC | |
| General subdivision | Health aspects. |
| 650 #0 - SUBJECT--TOPIC | |
| General subdivision | Health aspects. |
| 650 #0 - SUBJECT--TOPIC | |
| General subdivision | Social aspects. |
| 700 1# - ADDED ENTRY--PERSONAL AUTHOR | |
| Personal Name | Newman, Matthew L. |
| 700 1# - ADDED ENTRY--PERSONAL AUTHOR | |
| Personal Name | Roberts, Nicole A. |
| 942 ## - ADDED ENTRY ELEMENTS(KOHA) | |
| Source of classification or shelving scheme | Library of Congress Classification |
| Koha item type | General circulation |
| Source of classification or shelving scheme | Not for loan | Location (home branch) | Sublocation (holding branch) | Shelving location | Date accessioned | Full call number | Barcode | Koha item type | Public note |
|---|---|---|---|---|---|---|---|---|---|
| Library of Congress Classification | Main Campus Library | Main Campus Library | 30/07/2015 | RA 418 .H43 | 2015/005564 | General circulation | smo |